000 00613nam a2200229 a 4500
001 71763
003 BD-RjUL
005 20211209082146.0
008 170507s1969 bg a|||| |||| 000 0 eng d
035 _a(BD-RjUL)71979
040 _aBD-RjUL
_beng
_cBD-RjUL
_dBD-RjUL
041 _aeng
082 _223
_a534
_bPAS 1969
100 1 _aParamanik, Nasir Uddin
_9212305
245 1 0 _aSound /
_cNasir Uddin Paramanik and Abul Kalam
250 _a1st ed.
260 _aDacca :
_bMullik Brothers,
_c1969
300 _a210 p. :
_bill. ;
_c18 cm.
650 _aSound
_9212306
700 _4Kalam, Abul
942 _2ddc
_cBK
999 _c71763
_d71763